• 首页
  • 本馆介绍
  • 公告通知
  • 最新文献
  • 馆藏检索
  • 电子资源
  • 读者荐购
  • 参考咨询
  • CALIS
  • 我的图书馆
  • 登录
  • 详细信息显示
  • 放入我的书架
  • 预约/预借图书
  • 作者相关作品
  • 分类相关作品
  • 丛书相关作品
  • 出版社相关作品

书目信息

  • 表格格式
  • 工作单格式
  • 卡片格式
题名:
微生物生态学
    
 
作者: 杨家新 主编 ;张光富 , 庞延军 , 邹文欣 编
分册:  
出版信息: 北京   化学工业出版社  2004.10
页数: 207页
开本: 24cm
丛书名: 生态学热点研究丛书
单 册:
中图分类: Q938.1
科图分类:
主题词: 微生物生态学--wei sheng wu sheng tai xue
电子资源:
ISBN: 7-5025-6025-4
 
 
 
 
 
000 01141nam 2200301 450
001 012006762857
005 20061116091403.92
010    @a7-5025-6025-4@dCNY27.00
100    @a20060611d2004 km y0chiy0120 ea
101 0  @achi
102    @aCN@b110000
105    @aa a 000yy
200 1  @a微生物生态学@Awei sheng wu sheng tai xue@f杨家新主编@Fyang jia xin zhu bian@g张光富 … [等] 编@Gzhang guang fu…[deng]bian
210    @a北京@c化学工业出版社@d2004.10
215    @a207页@c图@d24cm
225 2  @a生态学热点研究丛书@Asheng tai xue re dian yan jiu cong shu
304    @a题名页题: 本书还庞延军, 邹文欣, 闫淑珍编
320    @a有书目 (第204-207页)。
330    @a本书从微生物的生态学角度阐述了微生物的基础生态学理论、微生物种群和微生物与动植物群落的相互作用、微生物的生物地化循环问题等内容。
410  0 @12001 @a生态学热点研究丛书
606 0  @a微生物生态学@Awei sheng wu sheng tai xue
690    @aQ938.1@v4
701  0 @a杨家新@Ayang jia xin@4主编
702  0 @a张光富@Azhang guang fu@4编
702  0 @a庞延军@Apang yan jun@4编
702  0 @a邹文欣@Azou wen xin@4编
801  0 @aCN@c20061116
905    @a10447@dQ938.1@eY207
    
    微生物生态学/杨家新主编/张光富 … [等] 编.-北京:化学工业出版社,2004.10
    207页:图;24cm.-(生态学热点研究丛书)
    
    
    ISBN 7-5025-6025-4:CNY27.00
    本书从微生物的生态学角度阐述了微生物的基础生态学理论、微生物种群和微生物与动植物群落的相互作用、微生物的生物地化循环问题等内容。
●
相关链接 在E读中查询图书 在当当中查询图书 在豆瓣中查询图书


正题名:微生物生态学     索取号:Q938.1/Y207         预约/预借

序号 登录号 条形码 馆藏地/架位号 状态 备注
1 584180   205841801   自科库401/401自科库 33排4列2层/ [索取号:Q938.1/Y207] 在馆    
2 584181   205841810   自科库401/401自科库 33排4列2层/ [索取号:Q938.1/Y207] 在馆    
3 584182   205841829   自科二线504/504自科库 37排2列3层/ [索取号:Q938.1/Y207] 在馆    
4 638893   206388933   自科二线504/504自科库 37排2列3层/ [索取号:Q938.1/Y207] 在馆    
5 638894   206388942   自科二线504/504自科库 37排2列3层/ [索取号:Q938.1/Y207] 在馆    
6 638895   206388951   自科二线504/504自科库 37排2列3层/ [索取号:Q938.1/Y207] 在馆    
河南城建学院图书馆 欢迎您!
大连网信软件有限公司© 版权所有